ბათუმის შოთა რუსთაველის სახელმწიფო უნივერსიტეტის ბიბლიოთეკა

სამოცი წლის მუშაობის შედეგები (ბიბ.ჩანაწერი № 44537)

000 -LEADER
fixed length control field 00733nam a2200217Ia 4500
001 - CONTROL NUMBER
control field 11340
003 - CONTROL NUMBER IDENTIFIER
control field GE_BSU
008 - FIXED-LENGTH DATA ELEMENTS--GENERAL INFORMATION
fixed length control field 181216s||||||||xx |||||||||||||| ||und||
040 ## - CATALOGING SOURCE
Transcribing agency GE_BSU
080 ## - UNIVERSAL DECIMAL CLASSIFICATION NUMBER
Universal Decimal Classification number 631.527
100 ## - MAIN ENTRY--PERSONAL NAME
Personal name მიჩურინი ი.ვ.
245 ## - TITLE STATEMENT
Title სამოცი წლის მუშაობის შედეგები
245 ## - TITLE STATEMENT
Statement of responsibility, etc. რედ: გ. აბესაძე, თარგმ. ფ. დ. მამფორიასი
260 ## - PUBLICATION, DISTRIBUTION, ETC.
Place of publication, distribution, etc. თბილისი
260 ## - PUBLICATION, DISTRIBUTION, ETC.
Name of publisher, distributor, etc. სახელგამი
260 ## - PUBLICATION, DISTRIBUTION, ETC.
Date of publication, distribution, etc. 1948
300 ## - PHYSICAL DESCRIPTION
Extent 187გვ.22სმ.
300 ## - PHYSICAL DESCRIPTION
Accompanying material ილ.
653 ## - INDEX TERM--UNCONTROLLED
Uncontrolled term სამოცი წლის მუშაობის შედეგები
942 ## - ADDED ENTRY ELEMENTS (KOHA)
Koha item type წიგნი
ეგზემპლარები
Withdrawn status Lost status Damaged status Not for loan Date acquired Barcode Date last seen Price effective from Koha item type
        2018-12-17 19690 2018-12-17 2018-12-17 წიგნი